000 00270nam a22001217a 4500
041 _aENG
100 _aKadrekar.S
245 _aDesh-Videshatil Bramanticha
260 _aRatnagiri
_bKadrekar
_c2017
300 _a114
650 _aMarhati (33)
856 _uMarhati (33)
999 _c2991
_d2991